Score 0/15 Timer 01:00
0 Plays Today
Hint Answer % Correct
⠀'Him and ___'⠀HER
97.9%
⠀Fifth month⠀MAY
97%
⠀Homo sapiens⠀MAN
96.8%
⠀Writing utensil⠀PEN
96.1%
⠀Female rooster⠀HEN
96%
⠀Human males⠀MEN
95.1%
⠀James Bond, for one⠀SPY
94.8%
⠀Bear's home⠀DEN
94.3%
Hint Answer % Correct
⠀Kitchen ironwork⠀PAN
93.3%
⠀Enunciate⠀SAY
93.1%
🕷 Arachnid; with first rung 🕷🕷 DER 🕷
90.7%
🕷 Arachnid's home 🕷🕷 WEB 🕷
90%
🕷 Arachnid; with middle rung 🕷🕷 SPI 🕷
89.7%
⠀Containing water⠀WET
86.7%
⠀New York baseballer⠀MET
86.5%
Remove Ads.
Support Sporcle.
Get the best of Sporcle when you Go Orange. This ad-free experience offers more features, more stats, and more fun while also helping to support Sporcle. Thank you for becoming a member.

You're not logged in!

Compare scores with friends on all Sporcle quizzes.
OR
Log In

Show Comments

Extras

Top Quizzes Today


Score Distribution

Your Account Isn't Verified!

In order to create a playlist on Sporcle, you need to verify the email address you used during registration. Go to your Sporcle Settings to finish the process.

Report this User

Report this user for behavior that violates our Community Guidelines.

Details: